Očakávané tendencie v ekonomike USA v kontexte výsledkov z roku 1996 Príloha Hospodárskych novín

Súčasný hospodársky vývoj USA v kontinuite s výsledkami dosiahnutými v minulom roku. Vývoj dôležitých ekonomických ukazovateľov a ich ročné zmeny.

Gespeichert in:
Bibliographische Detailangaben
1. Verfasser: Oberhauser, Ján Artur
Format: Buchkapitel
Sprache:Slowakisch
Schlagworte:
Tags: Tag hinzufügen
Keine Tags, Fügen Sie das erste Tag hinzu!

MARC

LEADER 00000naa a2200000 4500
001 r027469
005 20230824091256.0
041 0 |a slo 
044 |a SK 
245 1 0 |a Očakávané tendencie v ekonomike USA v kontexte výsledkov z roku 1996  |b Príloha Hospodárskych novín  |c Ján Artur Oberhauser 
520 |a Súčasný hospodársky vývoj USA v kontinuite s výsledkami dosiahnutými v minulom roku. Vývoj dôležitých ekonomických ukazovateľov a ich ročné zmeny. 
610 2 0 |a USA 
610 2 0 |a 1996 
610 2 0 |a 1997 
610 2 0 |a situácia hospodárska 
610 2 0 |a rast hospodársky 
610 2 0 |a ukazovatele ekonomické 
100 1 |a Oberhauser, Ján Artur